Home Print Resources E-Books E-Journals IIMT Lecture Series Library Membership Form Book Recommendation Form Campus Tour Take AdmissionAbout Us Contact Us

MEETHI VAANI KASTHO SE MUKATI (Record no. 66818)

000 -LEADER
fixed length control field 00365nam a22001457a 4500
003 - CONTROL NUMBER IDENTIFIER
control field OSt
005 - DATE AND TIME OF LATEST TRANSACTION
control field 20251206142918.0
008 - FIXED-LENGTH DATA ELEMENTS--GENERAL INFORMATION
fixed length control field 251206b |||||||| |||| 00| 0 eng d
040 ## - CATALOGING SOURCE
Transcribing agency IIMT UNIVERSITY
100 ## - MAIN ENTRY--PERSONAL NAME
Personal name SHASTRI, PRAVAN KUMAR
245 ## - TITLE STATEMENT
Title MEETHI VAANI KASTHO SE MUKATI
260 ## - PUBLICATION, DISTRIBUTION, ETC.
Place of publication, distribution, etc. NEW DELHI
Name of publisher, distributor, etc. PAWAN POCKET BOOKS
Date of publication, distribution, etc. 2025
300 ## - PHYSICAL DESCRIPTION
Extent 156
942 ## - ADDED ENTRY ELEMENTS (KOHA)
Source of classification or shelving scheme
Koha item type Text-Book- for 7 days
Holdings
Withdrawn status Lost status Source of classification or shelving scheme Damaged status Not for loan Home library Current library Date acquired Source of acquisition Cost, normal purchase price Inventory number Barcode Date last seen Uniform Resource Identifier Price effective from Koha item type
          IIMT UNIVERSITY CENTRAL LIBRARY ( GENERAL/ GIFTED BOOKS) IIMT UNIVERSITY CENTRAL LIBRARY ( GENERAL/ GIFTED BOOKS) 12/06/2025 DR: SUBHA DWIVEDI 150.00 DONATED 28-S-4850 12/06/2025 Motivational Hindi Literature) 12/06/2025 Text-Book- for 7 days
IIMT, Central Library. All Rights Reserved IIMT,UNIVERSITY © 2023
Implemented and Customised by I CLOUDE EMS
You Are OPAC Visitor No
free web counter

Powered by Koha